00694nam a2200229Ia 4500003000400000005001700004008004100021020001800062040000700080041001200087082001900099100002600118245003000144260005200174300001800226650002100244700003100265906002800296942001200324999001900336952010900355OSt20260122190903.0210423s1995 xx 000 0 und d a0-470-23483-0 cAL aEnglish a540.151 bDOGM aGraham doggett981672 aMathematics for chemistry aEnglandbLongman Scientific and Technicalc1995 axiv,286p.bPB aChemistry981673 aSutcliffe, Brian T9252283 achemistry ; Mathematics 2ddccBK c169025d169025 001040708GCaSACPGbSACPGd2018-02-28l0o540.151 DOGMpPG015527r2022-08-24 00:00:00w2021-04-26yBK